[Event "Andujar op"]
[Site "Andujar"]
[Date "2025.07.03"]
[Round "9"]
[White "Liu, Casper Yukun"]
[Black "Plazuelo Pascual, Juan"]
[Result "1-0"]
[WhiteElo "2325"]
[BlackElo "2450"]
[PlyCount "87"]
[EventDate "2025.06.27"]
[EventType "swiss"]
[EventRounds "9"]
[EventCountry "ESP"]
[SourceTitle "CB28_2025"]
[SourceDate "2025.07.09"]
[SourceVersion "1"]
[SourceVersionDate "2025.07.09"]
[SourceQuality "1"]

1. d4 d5 2. Nf3 Nf6 3. c4 e6 4. g3 Bb4+ 5. Nbd2 dxc4 6. Bg2 b5 7. 0-0 a5 8. b3 cxb3 9. Nxb3 Bb7 10. Bd2 Bxd2 11. Qxd2 a4 12. Nc5 Bxf3 13. Bxf3 c6 14. h4 0-0 15. Rac1 Qe7 16. Nd3 Nd5 17. Rc5 Rd8 18. Rfc1 Qd6 19. Bxd5 cxd5 20. Qb2 Nd7 21. Rc7 Rab8 22. R1c6 Qf8 23. Ra7 Rdc8 24. Qc1 Nb6 25. Ne5 Rxc6 26. Qxc6 Qe8 27. Qc7 Na8 28. Qd6 Qf8 29. Qa6 Qc8 30. Qa5 Qd8 31. Qd2 f6 32. Nc6 Qb6 33. Qf4 Rd8 34. Qc1 Re8 35. Rd7 b4 36. Ne7+ Kh8 37. h5 h6 38. Qf4 Qb5 39. Qd6 Qxe2 40. Ng6+ Kh7 41. Rxg7+ Kxg7 42. Qd7+ Kg8 43. Qxe8+ Kg7 44. Qf8+ 1-0

[Event "Titled Tuesday intern op 20th May Late"]
[Site "Chess.com INT"]
[Date "2025.05.20"]
[Round "8"]
[White "Liu, Casper Yukun"]
[Black "Khalafvand, Dorsa Sadat"]
[Result "0-1"]
[WhiteElo "2325"]
[BlackElo "1985"]
[PlyCount "80"]
[EventDate "2025.05.20"]
[EventType "swiss (blitz)"]
[EventRounds "11"]
[EventCountry "USA"]
[SourceTitle "CB22_2025"]
[SourceDate "2025.05.28"]
[SourceVersion "1"]
[SourceVersionDate "2025.05.28"]
[SourceQuality "1"]

1. d4 d5 2. c4 e6 3. Nf3 a6 4. g3 dxc4 5. Bg2 b5 6. a4 c6 7. Ne5 Bb7 8. 0-0 Nf6 9. b3 cxb3 10. Bb2 Nbd7 11. Qxb3 Qb6 12. Nd2 Bd6 13. Rac1 Rc8 14. Nd3 0-0 15. e4 Be7 16. Ba1 Rfd8 17. Nf3 Nxe4 18. Rfe1 Nef6 19. Ng5 Bf8 20. Nxf7 Re8 21. Rxe6 bxa4 22. Qxb6 Nxb6 23. Rxe8 Rxe8 24. Nfe5 Nbd5 25. Nxc6 Rc8 26. Nde5 Bd6 27. Bh3 Rc7 28. Be6+ Kf8 29. Rb1 Bxc6 30. Nc4 Bb4 31. Ne5 Bb5 32. Bf5 a3 33. Kg2 a2 34. Rb3 Rc1 35. Bb2 Rb1 36. h4 Rxb2 37. Rxb2 a1Q 38. Rb3 a5 39. Rf3 Qxd4 40. Ng4 Ke7 0-1

[Event "Titled Tuesday intern op 20th May Late"]
[Site "Chess.com INT"]
[Date "2025.05.20"]
[Round "7"]
[White "Liu, Casper Yukun"]
[Black "Lugo, Blas"]
[Result "1-0"]
[WhiteElo "2325"]
[BlackElo "2399"]
[PlyCount "75"]
[EventDate "2025.05.20"]
[EventType "swiss (blitz)"]
[EventRounds "11"]
[EventCountry "USA"]
[SourceTitle "CB22_2025"]
[SourceDate "2025.05.28"]
[SourceVersion "1"]
[SourceVersionDate "2025.05.28"]
[SourceQuality "1"]

1. d4 d5 2. c4 c6 3. Nf3 Nf6 4. cxd5 cxd5 5. Nc3 Nc6 6. Bf4 Bf5 7. e3 e6 8. Bd3 Bxd3 9. Qxd3 Bd6 10. Bxd6 Qxd6 11. 0-0 0-0 12. h3 Rac8 13. Rac1 Nb4 14. Qe2 Ne4 15. Nxe4 dxe4 16. Nd2 Qd5 17. a3 Nd3 18. Rxc8 Rxc8 19. Nb1 Qb3 20. Nc3 f5 21. Nd1 g6 22. Qd2 b6 23. Nc3 Qxb2 24. Qxb2 Nxb2 25. Nb5 a6 26. Nd6 Rc6 27. Nb7 Rc7 28. Nd8 Re7 29. Rc1 b5 30. Rc6 a5 31. Nxe6 Nc4 32. a4 bxa4 33. Rc8+ Kf7 34. Nd8+ Ke8 35. Nc6+ Kd7 36. Nxe7 Nd6 37. Ra8 Kxe7 38. Rxa5 1-0

[Event "Titled Tuesday intern op 20th May Late"]
[Site "Chess.com INT"]
[Date "2025.05.20"]
[Round "3"]
[White "Liu, Casper Yukun"]
[Black "Rustemov, Alexander"]
[Result "0-1"]
[WhiteElo "2325"]
[BlackElo "2525"]
[PlyCount "62"]
[EventDate "2025.05.20"]
[EventType "swiss (blitz)"]
[EventRounds "11"]
[EventCountry "USA"]
[SourceTitle "CB22_2025"]
[SourceDate "2025.05.28"]
[SourceVersion "1"]
[SourceVersionDate "2025.05.28"]
[SourceQuality "1"]

1. d4 g6 2. e4 Bg7 3. Nc3 d6 4. Be3 a6 5. h4 h5 6. a4 Nf6 7. f3 Nc6 8. Bc4 e5 9. Nge2 0-0 10. Qd2 Kh7 11. 0-0-0 b5 12. Bb3 Rb8 13. g4 Bd7 14. Bg5 exd4 15. Nxd4 Nxd4 16. Qxd4 bxa4 17. Bxa4 Bxa4 18. Qxa4 hxg4 19. h5 Qd7 20. Qa5 Nxh5 21. Bd2 c5 22. Qa2 gxf3 23. Qd5 f5 24. e5 Bxe5 25. Qxf3 Qf7 26. Rdg1 Rb4 27. b3 Rg4 28. Rxg4 fxg4 29. Qxg4 Qf5 30. Qe2 Kg7 31. Nd5 Ng3 0-1

[Event "Titled Tuesday intern op 06th May Early"]
[Site "Chess.com INT"]
[Date "2025.05.06"]
[Round "10"]
[White "Gonzalez Guedes, Iyan"]
[Black "Liu, Casper Yukun"]
[Result "0-1"]
[WhiteElo "2238"]
[BlackElo "2325"]
[PlyCount "214"]
[EventDate "2025.05.06"]
[EventType "swiss (blitz)"]
[EventRounds "11"]
[EventCountry "USA"]
[SourceTitle "CB20_2025"]
[SourceDate "2025.05.14"]
[SourceVersion "1"]
[SourceVersionDate "2025.05.14"]
[SourceQuality "1"]

1. e4 e5 2. Nf3 Nc6 3. Bc4 Nf6 4. d3 h6 5. c3 a6 6. Nbd2 Bc5 7. 0-0 d6 8. b4 Ba7 9. a4 0-0 10. h3 d5 11. exd5 Nxd5 12. Qb3 Be6 13. Re1 b5 14. Bxd5 Bxd5 15. c4 Be6 16. Bb2 f6 17. Qc2 Nxb4 18. Qc3 Nxd3 19. Re2 Nf4 20. Ree1 Nd3 21. Re2 Nxb2 22. Qxb2 bxc4 23. Rc1 Rb8 24. Qa3 Qd3 25. Qxd3 cxd3 26. Ree1 c5 27. Ne4 c4 28. Nd6 Rfd8 29. Nxc4 Rb4 30. Ncd2 Rxa4 31. Rc7 Rd7 32. Rc8+ Kh7 33. Rec1 Rf4 34. Ra8 e4 35. Ne1 Bxf2+ 36. Kh2 e3 37. Ndf3 d2 38. Rd1 dxe1Q 39. Rxe1 Bxe1 40. Nxe1 e2 41. Rxa6 Bc4 42. Ra4 Rd1 43. Nf3 Rxf3 44. gxf3 e1Q 45. Rxc4 Qe2+ 46. Kg3 Qxc4 47. h4 Rg1+ 48. Kh3 Qf1+ 49. Kh2 Qxf3 50. h5 Qxh5+ 51. Kxg1 Qe2 52. Kh1 Qh5+ 53. Kg1 Qh3 54. Kf2 Kh8 55. Kg1 Qe3+ 56. Kg2 Qe1 57. Kh2 Qf1 58. Kg3 Qh1 59. Kg4 Qh2 60. Kf5 Qh3+ 61. Kg6 Qg4+ 62. Kf7 Qh5+ 63. Kf8 Qg6 64. Ke7 Kg8 65. Kd6 Qe4 66. Kd7 Qe5 67. Kd8 Qe6 68. Kc7 Qd5 69. Kc8 Qd6 70. Kb7 Qc5 71. Kb8 Qc6 72. Ka7 Qb5 73. Ka8 f5 74. Ka7 f4 75. Ka8 f3 76. Ka7 f2 77. Ka8 f1Q 78. Ka7 g6 79. Ka8 g5 80. Ka7 g4 81. Ka8 g3 82. Ka7 g2 83. Ka8 h5 84. Ka7 g1Q+ 85. Ka8 Qg6 86. Ka7 Qgb1 87. Ka8 h4 88. Ka7 h3 89. Ka8 h2 90. Ka7 Kh8 91. Ka8 Kh7 92. Ka7 Kh6 93. Ka8 Kh5 94. Ka7 Kh4 95. Ka8 Kh3 96. Ka7 Kg3 97. Ka8 Kf2 98. Ka7 Ke1 99. Ka8 Kd2 100. Ka7 Kd1 101. Ka8 Kc1 102. Ka7 Kc2 103. Ka8 Kb2 104. Ka7 Ka1 105. Ka8 Ka2 106. Ka7 Qb6+ 107. Ka8 h1Q# 0-1

[Event "Titled Tuesday intern op 06th May Early"]
[Site "Chess.com INT"]
[Date "2025.05.06"]
[Round "3"]
[White "Liu, Casper Yukun"]
[Black "Daulet, Alikhan"]
[Result "0-1"]
[WhiteElo "2325"]
[BlackElo "2100"]
[PlyCount "98"]
[EventDate "2025.05.06"]
[EventType "swiss (blitz)"]
[EventRounds "11"]
[EventCountry "USA"]
[SourceTitle "CB20_2025"]
[SourceDate "2025.05.14"]
[SourceVersion "1"]
[SourceVersionDate "2025.05.14"]
[SourceQuality "1"]

1. d4 d5 2. Nf3 Nf6 3. Bf4 e6 4. e3 c5 5. Nbd2 Bd7 6. c3 Qb6 7. Qc2 Bc6 8. Ne5 Nbd7 9. Nxc6 bxc6 10. Be2 cxd4 11. cxd4 c5 12. dxc5 Bxc5 13. 0-0 0-0 14. Rfc1 Bd6 15. Bxd6 Qxd6 16. Rab1 Nb6 17. b4 Rfc8 18. Qb3 h6 19. h3 e5 20. a4 e4 21. a5 Nbd7 22. Qb2 Ne5 23. b5 Rab8 24. Qd4 Qe7 25. b6 Rxc1+ 26. Rxc1 axb6 27. axb6 Ned7 28. Rc7 Qd6 29. Nc4 Qb4 30. Ne5 Qb1+ 31. Kh2 Nxe5 32. Qxe5 Qxb6 33. Qe7 Rf8 34. Rb7 Qe6 35. Qxe6 fxe6 36. Bb5 Rf7 37. Rb8+ Kh7 38. g4 Kg6 39. Kg3 Nh7 40. h4 Rf3+ 41. Kg2 Nf6 42. Rb6 Nxg4 43. Rxe6+ Kf5 44. Re8 Rxf2+ 45. Kg3 Rf3+ 46. Kg2 Nxe3+ 47. Kg1 Kg4 48. Bd7+ Kg3 49. Bb5 Kxh4 0-1

[Event "Titled Tuesday intern op 06th May Early"]
[Site "Chess.com INT"]
[Date "2025.05.06"]
[Round "6"]
[White "Liu, Casper Yukun"]
[Black "Skliarov, Viktor"]
[Result "1-0"]
[WhiteElo "2325"]
[BlackElo "2334"]
[PlyCount "137"]
[EventDate "2025.05.06"]
[EventType "swiss (blitz)"]
[EventRounds "11"]
[EventCountry "USA"]
[SourceTitle "CB20_2025"]
[SourceDate "2025.05.14"]
[SourceVersion "1"]
[SourceVersionDate "2025.05.14"]
[SourceQuality "1"]

1. d4 Nf6 2. c4 e6 3. Nf3 b6 4. g3 Bb7 5. Bg2 Be7 6. 0-0 0-0 7. Nc3 Ne4 8. Qc2 Nxc3 9. Qxc3 d6 10. Ne1 Bxg2 11. Kxg2 c5 12. dxc5 bxc5 13. Bf4 Nc6 14. Nf3 Bf6 15. Qc2 Rb8 16. Rab1 g5 17. Be3 g4 18. Nd2 Bg7 19. Rh1 f5 20. h3 h5 21. hxg4 hxg4 22. f3 Nb4 23. Qa4 gxf3+ 24. Nxf3 Qe8 25. Qxa7 Qc6 26. Qe7 Rb7 27. Qh4 Nc2 28. Bh6 Qe4 29. Qxe4 fxe4 30. Ng5 Ne3+ 31. Kg1 Rf6 32. Bxg7 Rxg7 33. Nxe4 Rf8 34. Rh3 d5 35. Nxc5 Nxc4 36. Nxe6 Re7 37. Nxf8 Kxf8 38. Kf2 Kg7 39. b3 Rf7+ 40. Ke1 Ne3 41. Rb2 d4 42. Kd2 Rf1 43. Kd3 Rd1+ 44. Rd2 Ra1 45. Kxd4 Nf5+ 46. Ke5 Kg6 47. g4 Ng7 48. Rd6+ Kg5 49. Rh7 Ne8 50. Rd8 Rxa2 51. e4 Ra5+ 52. Rd5 Ra8 53. Re7 Nf6 54. Rb5 Nxg4+ 55. Ke6+ Kf4 56. e5 Ra6+ 57. Kd7 Ne3 58. Rf7+ Ke4 59. e6 Nd5 60. Rxd5 Kxd5 61. e7 Ra7+ 62. Kd8 Kd6 63. Rf6+ Ke5 64. e8Q+ Kxf6 65. Qe3 Ra8+ 66. Kc7 Rf8 67. Qf4+ Kg7 68. Qxf8+ Kxf8 69. b4 1-0

[Event "DEN-chT 2425 62nd"]
[Site "Denmark"]
[Date "2025.03.29"]
[Round "8.6"]
[White "Laursen, Niels Norskov"]
[Black "Liu, Casper Yukun"]
[Result "1-0"]
[WhiteElo "2183"]
[BlackElo "2225"]
[PlyCount "53"]
[EventDate "2024.11.02"]
[EventType "team-tourn"]
[EventRounds "9"]
[EventCountry "DEN"]
[SourceTitle "CB16_2025"]
[SourceDate "2025.04.16"]
[SourceVersion "1"]
[SourceVersionDate "2025.04.16"]
[SourceQuality "1"]
[WhiteTeam "Obro"]
[BlackTeam "BMS"]
[WhiteTeamCountry "DEN"]
[BlackTeamCountry "DEN"]

1. e4 Nc6 2. Nf3 d6 3. Bb5 Nf6 4. d4 Bd7 5. Nc3 g6 6. e5 dxe5 7. dxe5 Ng4 8. Qe2 Bg7 9. Bf4 g5 10. Bg3 h5 11. h4 gxh4 12. Rxh4 e6 13. 0-0-0 Qe7 14. Rdh1 0-0-0 15. Rxh5 Qc5 16. Ne4 Qd5 17. c4 Rxh5 18. Rxh5 Nd4 19. cxd5 Bxb5 20. Nxd4 Bxe2 21. Nxe2 Rxd5 22. N2c3 Rd8 23. Kc2 Nh6 24. f4 b6 25. Bh4 Rd7 26. Bf6 Bf8 27. Bg5 1-0

[Event "Wch U20 62nd"]
[Site "Petrovac"]
[Date "2025.03.07"]
[Round "11"]
[White "Liu, Casper Yukun"]
[Black "Pasti, Aron"]
[Result "1/2-1/2"]
[WhiteElo "2271"]
[BlackElo "2366"]
[PlyCount "96"]
[EventDate "2025.02.25"]
[EventType "swiss"]
[EventRounds "11"]
[EventCountry "MNE"]
[SourceTitle "CB11_2025"]
[SourceDate "2025.03.12"]
[SourceVersion "1"]
[SourceVersionDate "2025.03.12"]
[SourceQuality "1"]

1. d4 e6 2. g3 c5 3. Bg2 cxd4 4. Nf3 e5 5. 0-0 Nc6 6. Re1 Bb4 7. Bd2 Bxd2 8. Nbxd2 Nge7 9. e3 dxe3 10. Rxe3 f6 11. c4 d5 12. cxd5 Nxd5 13. Rd3 Bf5 14. Rb3 Ndb4 15. Nh4 Bc2 16. Bxc6+ bxc6 17. Qg4 Qxd2 18. Rxb4 0-0 19. Rb7 Rf7 20. Rxf7 Kxf7 21. Qc4+ Kf8 22. Nf3 Qd5 23. Qxc2 Qxf3 24. Rd1 Qg4 25. Rd6 h5 26. Qxc6 Rc8 27. Qd5 h4 28. Rd8+ Rxd8 29. Qxd8+ Kf7 30. Qd5+ Kg6 31. f3 Qg5 32. Qd3+ Kf7 33. Qc4+ Kg6 34. Qc2+ Kf7 35. Kf2 hxg3+ 36. hxg3 Qh6 37. Qb3+ Kg6 38. Qc2+ Kf7 39. Kg2 Qe3 40. Qf2 Qxf2+ 41. Kxf2 f5 42. Ke3 Ke6 43. b3 Kd5 44. Kd3 Kc5 45. Kc3 Kd5 46. Kd3 Kc5 47. Kc3 Kd5 48. Kd3 Kc5 1/2-1/2

[Event "Cappelle op 41st"]
[Site "Cappelle la Grande"]
[Date "2025.02.21"]
[Round "9"]
[White "Duboue, Peio"]
[Black "Liu, Casper Yukun"]
[Result "1-0"]
[WhiteElo "2440"]
[BlackElo "2271"]
[PlyCount "95"]
[EventDate "2025.02.15"]
[EventType "swiss"]
[EventRounds "9"]
[EventCountry "FRA"]
[SourceTitle "CB09_2025"]
[SourceDate "2025.02.27"]
[SourceVersion "1"]
[SourceVersionDate "2025.02.27"]
[SourceQuality "1"]

1. d4 Nf6 2. g3 d5 3. Nf3 c5 4. Bg2 cxd4 5. 0-0 h6 6. b3 Nc6 7. Nxd4 e5 8. Nxc6 bxc6 9. c4 Be6 10. Bb2 Bd6 11. Nc3 e4 12. cxd5 cxd5 13. Nb5 Be7 14. Rc1 0-0 15. Nc7 Rc8 16. Nxe6 fxe6 17. Bh3 Qb6 18. e3 Kf7 19. Qe2 a5 20. Rc2 Rxc2 21. Qxc2 Qc5 22. Qe2 Ra8 23. Rc1 Qb6 24. Qc2 Ne8 25. Bd4 Qb5 26. Qd1 Qd7 27. Qh5+ Kf8 28. Qe2 a4 29. Qc2 axb3 30. axb3 Bf6 31. Bxf6 Nxf6 32. Qc5+ Qe7 33. Qb6 Ra7 34. Bxe6 Rb7 35. Rc8+ Ne8 36. Qc6 Rc7 37. Rxc7 Nxc7 38. Bxd5 Nxd5 39. Qa8+ Qe8 40. Qxd5 Qb8 41. Qc5+ Kg8 42. b4 Kh8 43. Qc4 Qb7 44. b5 Qd7 45. Qb3 Qd2 46. b6 Qe1+ 47. Kg2 Qe2 48. b7 1-0

[Event "DEN-chT 2425 62nd"]
[Site "Denmark"]
[Date "2025.01.26"]
[Round "6.5"]
[White "Liu, Casper Yukun"]
[Black "Meskenas, Paulius"]
[Result "1-0"]
[WhiteElo "2225"]
[BlackElo "2264"]
[PlyCount "93"]
[EventDate "2024.11.02"]
[EventType "team-tourn"]
[EventRounds "9"]
[EventCountry "DEN"]
[SourceTitle "CB16_2025"]
[SourceDate "2025.04.16"]
[SourceVersion "1"]
[SourceVersionDate "2025.04.16"]
[SourceQuality "1"]
[WhiteTeam "BMS"]
[BlackTeam "Koge"]
[WhiteTeamCountry "DEN"]
[BlackTeamCountry "DEN"]

1. d4 d5 2. Nf3 Nf6 3. Bf4 e6 4. e3 c5 5. Nbd2 Bd6 6. Bb5+ Nc6 7. Bg3 0-0 8. c3 a6 9. Bxc6 bxc6 10. Qa4 cxd4 11. cxd4 Rb8 12. Bxd6 Qxd6 13. Nb3 Nd7 14. Rc1 Rb5 15. Qa3 Qxa3 16. bxa3 Bb7 17. Kd2 Rb8 18. a4 Rb4 19. a5 Kf8 20. Ne1 Ke7 21. Nd3 Ra4 22. Rc2 f6 23. Ndc5 Nxc5 24. Nxc5 Rxa5 25. a4 Bc8 26. Ra1 Kd6 27. Raa2 e5 28. Rcb2 Rxb2+ 29. Rxb2 exd4 30. exd4 Rxc5 31. dxc5+ Kxc5 32. a5 d4 33. h4 Kd5 34. Rb8 Bf5 35. Rb6 c5 36. Rxa6 c4 37. Ra8 c3+ 38. Kd1 Kc4 39. Rd8 Be4 40. f3 Bc6 41. Rc8 Kd5 42. Kc2 Ba4+ 43. Kc1 Bc6 44. a6 d3 45. a7 d2+ 46. Kc2 Ba4+ 47. Kxc3 1-0

[Event "Titled Tuesday intern op 07th Jan Early"]
[Site "Chess.com INT"]
[Date "2025.01.07"]
[Round "3"]
[White "Cieslak, Patryk"]
[Black "Liu, Casper Yukun"]
[Result "1-0"]
[WhiteElo "2405"]
[BlackElo "2251"]
[PlyCount "97"]
[EventDate "2025.01.07"]
[EventType "swiss (blitz)"]
[EventRounds "11"]
[EventCountry "USA"]
[SourceTitle "CB03_2025"]
[SourceDate "2025.01.15"]
[SourceVersion "1"]
[SourceVersionDate "2025.01.15"]
[SourceQuality "1"]

1. a4 Nf6 2. Nc3 d5 3. e3 Bf5 4. Nf3 e6 5. Nh4 Bg6 6. Nxg6 hxg6 7. Qf3 Bd6 8. h4 Nc6 9. d3 Nb4 10. Qd1 c6 11. Na2 Nxa2 12. Rxa2 g5 13. h5 e5 14. Be2 e4 15. dxe4 Nxe4 16. Bf3 Qf6 17. Qd4 Be5 18. Qb4 0-0-0 19. Bxe4 dxe4 20. Qxe4 g6 21. h6 Qd6 22. Ke2 Rxh6 23. Rf1 Rh4 24. Qd3 Qb4 25. Qb3 Qg4+ 26. f3 Qxg2+ 27. Rf2 Qg1 28. Bd2 Rxd2+ 29. Kxd2 Qxf2+ 30. Kd3 Rh1 31. Qxf7 Rd1+ 32. Ke4 Rd5 33. Qe8+ Rd8 34. Qe6+ Rd7 35. Qe8+ Rd8 36. Qe6+ Kb8 37. Qxe5+ Ka8 38. Qc3 Qh4+ 39. Ke5 Qh8+ 40. Ke4 Qe8+ 41. Qe5 Qf7 42. Ra3 Re8 43. Qxe8+ Qxe8+ 44. Kd3 Qf7 45. Ke2 Qc4+ 46. Rd3 Qxc2+ 47. Rd2 Qc4+ 48. Kf2 a5 49. Rd4 1-0

[Event "Titled Tuesday intern op 07th Jan Early"]
[Site "Chess.com INT"]
[Date "2025.01.07"]
[Round "7"]
[White "Fawaz, Nadia"]
[Black "Liu, Casper Yukun"]
[Result "0-1"]
[WhiteElo "1763"]
[BlackElo "2251"]
[PlyCount "58"]
[EventDate "2025.01.07"]
[EventType "swiss (blitz)"]
[EventRounds "11"]
[EventCountry "USA"]
[SourceTitle "CB03_2025"]
[SourceDate "2025.01.15"]
[SourceVersion "1"]
[SourceVersionDate "2025.01.15"]
[SourceQuality "1"]

1. e4 e5 2. Nf3 Nf6 3. Nxe5 Nc6 4. Nxc6 dxc6 5. d3 Bc5 6. Nc3 Ng4 7. Be3 Bxe3 8. fxe3 Nxe3 9. Qe2 Qg5 10. h3 Be6 11. Nd1 Qg3+ 12. Kd2 Nc4+ 13. dxc4 0-0-0+ 14. Kc1 Rxd1+ 15. Qxd1 Rd8 16. Bd3 Qe3+ 17. Qd2 Qg3 18. Qe2 Qf4+ 19. Kb1 a5 20. Rf1 Qg3 21. Qf3 Qe5 22. a3 a4 23. Ka2 b5 24. b3 Qc3 25. Rad1 b4 26. axb4 axb3+ 27. cxb3 Kb7 28. Kb1 Ra8 29. Rd2 Ra1# 0-1

[Event "Titled Tuesday intern op 07th Jan Early"]
[Site "Chess.com INT"]
[Date "2025.01.07"]
[Round "9"]
[White "Liu, Casper Yukun"]
[Black "Gressmann, Moritz"]
[Result "1-0"]
[WhiteElo "2251"]
[BlackElo "2122"]
[PlyCount "55"]
[EventDate "2025.01.07"]
[EventType "swiss (blitz)"]
[EventRounds "11"]
[EventCountry "USA"]
[SourceTitle "CB03_2025"]
[SourceDate "2025.01.15"]
[SourceVersion "1"]
[SourceVersionDate "2025.01.15"]
[SourceQuality "1"]

1. d4 d5 2. c4 e6 3. Nf3 Nf6 4. g3 Be7 5. Bg2 0-0 6. 0-0 c6 7. Qc2 b6 8. Rd1 Ne4 9. Nc3 f5 10. Ne1 Ba6 11. b3 Bb4 12. Bb2 Nd7 13. Nd3 Bxc3 14. Bxc3 Qg5 15. Nf4 Rae8 16. a4 Qh6 17. h4 Ndf6 18. Bb4 Rf7 19. cxd5 cxd5 20. Qc6 Bb7 21. Qb5 a6 22. Qxb6 Ng4 23. Bxe4 fxe4 24. Nh3 Nxf2 25. Ng5 Ng4 26. Rf1 Rf5 27. Qxb7 Rxg5 28. Qf7+ 1-0

[Event "Titled Tuesday intern op 07th Jan Early"]
[Site "Chess.com INT"]
[Date "2025.01.07"]
[Round "2"]
[White "Pinski, Jan"]
[Black "Liu, Casper Yukun"]
[Result "0-1"]
[WhiteElo "2328"]
[BlackElo "2251"]
[PlyCount "78"]
[EventDate "2025.01.07"]
[EventType "swiss (blitz)"]
[EventRounds "11"]
[EventCountry "USA"]
[SourceTitle "CB03_2025"]
[SourceDate "2025.01.15"]
[SourceVersion "1"]
[SourceVersionDate "2025.01.15"]
[SourceQuality "1"]

1. e4 e5 2. Nf3 Nf6 3. Nc3 d5 4. Nxe5 Bd6 5. d4 dxe4 6. Bg5 Bf5 7. Bc4 Bxe5 8. dxe5 Qxd1+ 9. Rxd1 Nfd7 10. Nb5 Na6 11. Bf4 0-0 12. Nd4 Bg4 13. f3 exf3 14. gxf3 Bh5 15. e6 Rae8 16. Kf2 Ndc5 17. exf7+ Bxf7 18. Bxf7+ Rxf7 19. Be3 Ne4+ 20. Ke2 Nd6 21. c3 Rfe7 22. Rd3 Nc5 23. Re1 Nxd3 24. Kxd3 c5 25. Nc2 Nf5 26. Bf2 Rxe1 27. Nxe1 Kf7 28. Nc2 b6 29. b4 cxb4 30. cxb4 Ke6 31. a4 Kd5 32. a5 Re6 33. axb6 axb6 34. Na3 Rh6 35. Nb1 Rxh2 36. Bxb6 Rh3 37. Nc3+ Kc6 38. Ke4 Kxb6 39. Kxf5 Rxf3+ 0-1

[Event "Malmo op"]
[Site "Malmo"]
[Date "2024.12.15"]
[Round "8"]
[White "Liu, Casper Yukun"]
[Black "Wahlgreen, Noah Krug"]
[Result "1/2-1/2"]
[WhiteElo "2244"]
[BlackElo "2117"]
[PlyCount "114"]
[EventDate "2024.12.13"]
[EventType "swiss"]
[EventRounds "8"]
[EventCountry "SWE"]
[SourceTitle "CB51_2024"]
[SourceDate "2024.12.18"]
[SourceVersion "1"]
[SourceVersionDate "2024.12.18"]
[SourceQuality "1"]

1. Nf3 d5 2. g3 e6 3. Bg2 Nf6 4. 0-0 Be7 5. d4 0-0 6. c4 c6 7. Nc3 Nbd7 8. Qd3 Re8 9. e4 dxe4 10. Nxe4 b6 11. Rd1 Bb7 12. Ne5 Nxe5 13. dxe5 Qxd3 14. Rxd3 Nxe4 15. Bxe4 Red8 16. Rxd8+ Rxd8 17. Be3 Rd7 18. a4 c5 19. Bxb7 Rxb7 20. a5 f6 21. a6 Rd7 22. Kg2 f5 23. h4 h5 24. Kf3 Kf7 25. Ke2 Ke8 26. b4 Rc7 27. f3 Rc8 28. b5 Rd8 29. g4 Kf7 30. gxh5 Bxh4 31. Rh1 Be7 32. h6 g5 33. h7 Kg7 34. f4 g4 35. Bf2 Rh8 36. Rd1 Rd8 37. Rh1 Rh8 38. Bg3 Rd8 39. Ke3 Re8 40. Bf2 Rh8 41. Bg3 Rd8 42. Rh5 Re8 43. Rh2 Rd8 44. Be1 Rh8 45. Rd2 Rd8 46. Rh2 Rh8 47. Bg3 Rd8 48. Rh1 Rh8 49. Kf2 Rd8 50. Kg2 Rd2+ 51. Bf2 Rd8 52. Bg3 Rd2+ 53. Bf2 Rd8 54. Be3 Rh8 55. Bc1 Rd8 56. Be3 Rh8 57. Kf2 Rd8 1/2-1/2

[Event "Budapest Vezerkepzo IM-B 12"]
[Site "Budapest"]
[Date "2024.12.05"]
[Round "8"]
[White "Liu, Casper Yukun"]
[Black "Srikant Koduri, Advaitt"]
[Result "0-1"]
[WhiteElo "2225"]
[BlackElo "2089"]
[PlyCount "60"]
[EventDate "2024.11.29"]
[EventType "tourn"]
[EventRounds "9"]
[EventCountry "HUN"]
[SourceTitle "CB50_2024"]
[SourceDate "2024.11.01"]
[SourceVersion "1"]
[SourceVersionDate "2024.11.01"]
[SourceQuality "2"]

1. d4 d5 2. c4 c6 3. Nc3 Nf6 4. Nf3 g6 5. cxd5 cxd5 6. Bf4 Bg7 7. h3 0-0 8. e3 Nc6 9. Be2 Ne4 10. Rc1 h6 11. 0-0 Be6 12. Qb3 Qd7 13. Na4 Rac8 14. Bb5 g5 15. Bh2 Bxh3 16. gxh3 Qxh3 17. Qd1 Nxd4 18. Nxd4 Rxc1 19. Qxc1 Bxd4 20. Qd1 Bf6 21. Be2 Qd7 22. f3 Nd6 23. Qb3 Rc8 24. Qb4 Qe6 25. e4 dxe4 26. Bxd6 exf3 27. Bxf3 exd6 28. Re1 Bd4+ 29. Kh2 Rc2+ 30. Bg2 Qg4 0-1

[Event "Budapest Vezerkepzo IM-B 12"]
[Site "Budapest"]
[Date "2024.12.04"]
[Round "6"]
[White "Liu, Casper Yukun"]
[Black "Varga, Zoltan"]
[Result "0-1"]
[WhiteElo "2225"]
[BlackElo "2290"]
[PlyCount "50"]
[EventDate "2024.11.29"]
[EventType "tourn"]
[EventRounds "9"]
[EventCountry "HUN"]
[SourceTitle "CB50_2024"]
[SourceDate "2024.11.01"]
[SourceVersion "1"]
[SourceVersionDate "2024.11.01"]
[SourceQuality "2"]

1. e4 d5 2. exd5 Qxd5 3. Nc3 Qa5 4. Bc4 Nf6 5. d4 Bg4 6. f3 Bd7 7. f4 c5 8. Nf3 cxd4 9. Nxd4 Nc6 10. Nb3 Qb6 11. Qe2 Bg4 12. Qe3 Qb4 13. Qd3 Rd8 14. a3 Qb6 15. Qe3 Qc7 16. 0-0 g6 17. h3 Bf5 18. Nb5 Qc8 19. Re1 a6 20. Nc3 Bxc2 21. f5 Bxf5 22. g4 Bxg4 23. Qg5 Be6 24. Nc5 Nd4 25. Bxe6 fxe6 0-1

[Event "Budapest Vezerkepzo IM-B 12"]
[Site "Budapest"]
[Date "2024.12.02"]
[Round "4"]
[White "Liu, Casper Yukun"]
[Black "Nagarkatte, Vedant"]
[Result "1-0"]
[WhiteElo "2225"]
[BlackElo "2222"]
[PlyCount "47"]
[EventDate "2024.11.29"]
[EventType "tourn"]
[EventRounds "9"]
[EventCountry "HUN"]
[SourceTitle "CB50_2024"]
[SourceDate "2024.11.01"]
[SourceVersion "1"]
[SourceVersionDate "2024.11.01"]
[SourceQuality "2"]

1. e4 e5 2. Nf3 Nc6 3. c3 Nf6 4. d4 exd4 5. e5 Ne4 6. Qe2 Nc5 7. cxd4 Ne6 8. d5 Ned4 9. Nxd4 Nxd4 10. Qe4 c5 11. Nc3 g6 12. h4 Bg7 13. Bg5 Qb6 14. 0-0-0 0-0 15. d6 Re8 16. Be7 Nc6 17. Nd5 Qa5 18. Bc4 Nxe5 19. Bf6 Kf8 20. Bxg7+ Kxg7 21. Nc7 Nxc4 22. Nxe8+ Kf8 23. Qe7+ Kg8 24. Qf6 1-0

[Event "Budapest SixDays 11 IM-B"]
[Site "Budapest"]
[Date "2024.11.23"]
[Round "3"]
[White "Liu, Casper Yukun"]
[Black "Pribelszky, Bence Daniel"]
[Result "0-1"]
[WhiteElo "2225"]
[BlackElo "2395"]
[PlyCount "98"]
[EventDate "2024.11.22"]
[EventType "tourn"]
[EventRounds "9"]
[EventCountry "HUN"]
[EventCategory "1"]
[SourceTitle "CB49_2024"]
[SourceDate "2024.12.04"]
[SourceVersion "1"]
[SourceVersionDate "2024.12.04"]
[SourceQuality "1"]

1. d4 Nf6 2. c4 e6 3. Nc3 Bb4 4. e3 d5 5. a3 Be7 6. Nf3 0-0 7. Bd3 b6 8. 0-0 Bb7 9. cxd5 exd5 10. b4 Nbd7 11. Qc2 c5 12. bxc5 bxc5 13. Rb1 Rb8 14. Bd2 c4 15. Bf5 Nb6 16. a4 Nc8 17. Rb2 Nd6 18. Rfb1 Qc7 19. Ne5 Nxf5 20. Nb5 Qb6 21. Qxf5 Bc8 22. Qc2 Be6 23. a5 Qa6 24. Nxa7 Rxb2 25. Qxb2 Ne4 26. Nac6 Bd6 27. Bb4 c3 28. Qc2 Bxb4 29. Rxb4 Ra8 30. f3 Nd2 31. Qd3 Bc8 32. Kf2 f6 33. Rb6 Qxd3 34. Nxd3 Nc4 35. Ne7+ Kf7 36. Nxc8 Nxb6 37. Nxb6 Rxa5 38. Ke1 Ra1+ 39. Ke2 Ra2+ 40. Ke1 Ke6 41. Nf4+ Kd6 42. Nbxd5 Ra1+ 43. Ke2 c2 44. Nd3 Kxd5 45. Nb4+ Kc4 46. Nxc2 Ra2 47. Kd1 Kc3 48. Ne1 Rd2+ 49. Kc1 Re2 0-1